Từ điển Việt - Pháp = Dictionaire Vietnamien - Francais

Gardado en:
Detalles Bibliográficos
Autor Principal: Lê, Phương Thanh
Formato: Libro
Idioma:Undetermined
Publicado: Hà Nội Văn hóa Thông tin 2003
Những chủ đề:
Các nhãn: Engadir etiqueta
Sen Etiquetas, Sexa o primeiro en etiquetar este rexistro!
Thư viện lưu trữ: Trung tâm Học liệu Trường Đại học Cần Thơ
LEADER 00624nam a2200217Ia 4500
001 CTU_91695
008 210402s9999 xx 000 0 und d
020 |c 27000 
082 |a 495.922341 
082 |b Th107 
100 |a Lê, Phương Thanh 
245 0 |a Từ điển Việt - Pháp = 
245 0 |b Dictionaire Vietnamien - Francais 
245 0 |c Lê Phương Thanh 
260 |a Hà Nội 
260 |b Văn hóa Thông tin 
260 |c 2003 
650 |a Vietnamese language 
650 |x Dictionaries ( french ) 
904 |i Trúc 
980 |a Trung tâm Học liệu Trường Đại học Cần Thơ